[Event "2017 Oceania Zone 3.6 Zonal Championship"]
[Site "Auckland NZL"]
[Date "2017.01.15"]
[Round "2.1"]
[White "Rains, Edward"]
[Black "Smirnov, Anton"]
[Result "0-1"]
[WhiteElo "2017"]
[BlackElo "2519"]
[PlyCount "106"]
[EventDate "2017.01.14"]

1. e4 c5 2. Nc3 Nc6 3. f4 d6 4. Bb5 Bd7 5. Nf3 g6 6. d3 Bg7 7. Bxc6 Bxc6 8. O-O
Qd7 9. Qe1 Nh6 10. h3 f5 11. e5 Bxf3 12. Rxf3 dxe5 13. fxe5 e6 14. Bxh6 Bxh6
15. Qh4 Bg7 16. Re1 b5 17. a3 O-O 18. Qf2 Qc6 19. h4 Rad8 20. Rg3 b4 21. Nb1
Qd5 22. Qf4 Qd4+ 23. Qxd4 Rxd4 24. h5 gxh5 25. axb4 Rxb4 26. b3 h4 27. Rh3 Bh6
28. Na3 Rg4 29. Nc4 Kh8 30. Kf2 Rfg8 31. Rg1 Bf4 32. Rhh1 h5 33. Rh3 Kg7 34.
Ra1 Kh6 35. Rg1 Bg3+ 36. Ke2 Rf4 37. Rf1 Rxf1 38. Kxf1 Rg4 39. Nd2 a5 40. Nf3
a4 41. bxa4 Rxa4 42. Ke2 Ra2 43. Kd2 Ra1 44. Kc3 Rc1 45. Kb3 f4 46. d4 cxd4 47.
Nxd4 Kg5 48. c4 Kg4 49. Kb4 Rf1 50. Nc2 Rf2 51. Kc3 Rxc2+ 52. Kxc2 f3 53. Rxg3+
hxg3 0-1

[Event "2017 Oceania Zone 3.6 Zonal Championship"]
[Site "Auckland NZL"]
[Date "2017.01.15"]
[Round "2.2"]
[White "Illingworth, Max"]
[Black "James, Jack"]
[Result "1-0"]
[WhiteElo "2481"]
[BlackElo "2012"]
[PlyCount "95"]
[EventDate "2017.01.14"]

1. e4 e5 2. Nf3 Nf6 3. Nxe5 d6 4. Nf3 Nxe4 5. d4 d5 6. Bd3 Nc6 7. O-O Be7 8. c4
Nb4 9. cxd5 Nxd3 10. Qxd3 Qxd5 11. Re1 Bf5 12. Nc3 Nxc3 13. Qxc3 Be6 14. Qxc7
Bd6 15. Qc2 O-O 16. Bd2 Rac8 17. Bc3 Qh5 18. Qd3 Bd5 19. h3 f5 20. Ne5 f4 21.
Qb5 Bc4 22. Qxb7 f3 23. Nxc4 Rxc4 24. Qd7 Qd5 25. Re5 Qc6 26. Qxc6 Rxc6 27. Re4
fxg2 28. Kxg2 Rf5 29. Rae1 Kf7 30. Re6 Rd5 31. Re8 Rg5+ 32. Kf1 Rh5 33. R1e3
Rc7 34. Rd8 Be7 35. Rf3+ Kg6 36. Re8 Bf6 37. Ke2 Kf7 38. Re5 Re7 39. Kd3 Rh4
40. d5 Ke8 41. Ree3 Bxc3 42. bxc3 Ra4 43. c4 Kd7 44. c5 Rxa2 45. Rxe7+ Kxe7 46.
d6+ Kd7 47. Rf7+ Kd8 48. c6 1-0

[Event "2017 Oceania Zone 3.6 Zonal Championship"]
[Site "Auckland NZL"]
[Date "2017.01.15"]
[Round "2.3"]
[White "Perera, Pasan"]
[Black "Lane, Gary W"]
[Result "0-1"]
[WhiteElo "2004"]
[BlackElo "2404"]
[PlyCount "68"]
[EventDate "2017.01.14"]

1. e4 e5 2. Nf3 Nc6 3. Bb5 a6 4. Ba4 Nf6 5. O-O b5 6. Bb3 Bc5 7. Re1 O-O 8. c3
d6 9. d4 Bb6 10. h3 Re8 11. a4 Bb7 12. d5 Na5 13. Bc2 c6 14. dxc6 Bxc6 15. Nbd2
Qc7 16. Nf1 d5 17. Ng3 Rad8 18. Qe2 h6 19. Nh2 Nxe4 20. Nxe4 dxe4 21. axb5 axb5
22. Bxe4 Bxe4 23. Qxe4 Nb3 24. Rb1 Nc5 25. Qe2 Nd3 26. Rf1 f5 27. Be3 e4 28.
Rfd1 f4 29. Bxb6 Qxb6 30. Kf1 f3 31. Qe3 Qg6 32. g3 Qf5 33. g4 Qf6 34. g5 Qf5
0-1

[Event "2017 Oceania Zone 3.6 Zonal Championship"]
[Site "Auckland NZL"]
[Date "2017.01.15"]
[Round "2.4"]
[White "Wastney, Scott"]
[Black "Ng, Clive"]
[Result "1-0"]
[WhiteElo "2350"]
[BlackElo "1997"]
[PlyCount "59"]
[EventDate "2017.01.14"]

1. e4 c5 2. Nf3 Nc6 3. d4 cxd4 4. Nxd4 Nf6 5. Nc3 e5 6. Ndb5 d6 7. Bg5 a6 8.
Na3 b5 9. Nd5 Be7 10. Bxf6 Bxf6 11. c4 b4 12. Nc2 O-O 13. Be2 a5 14. O-O Bg5
15. Qd3 Be6 16. Rad1 Ne7 17. Nde3 Nc8 18. Nf5 Bxf5 19. exf5 Qf6 20. Bf3 Rb8 21.
b3 Qh6 22. Be4 Bd8 23. Ne3 Bb6 24. Nd5 Bc5 25. Qe2 f6 26. Rd3 g5 27. Nc7 Nb6
28. Ne6 g4 29. Qxg4+ Kh8 30. Rh3 1-0

[Event "2017 Oceania Zone 3.6 Zonal Championship"]
[Site "Auckland NZL"]
[Date "2017.01.15"]
[Round "2.5"]
[White "Louie, Ryan"]
[Black "Zelesco, Karl"]
[Result "0-1"]
[WhiteElo "1972"]
[BlackElo "2345"]
[PlyCount "66"]
[EventDate "2017.01.14"]

1. d4 d5 2. c4 c6 3. Nf3 Nf6 4. Nc3 e6 5. e3 Nbd7 6. Bd3 dxc4 7. Bxc4 b5 8. Bd3
Bb7 9. O-O Bd6 10. b3 O-O 11. Bb2 Qe7 12. e4 e5 13. Ne2 c5 14. Ng3 g6 15. dxe5
Nxe5 16. Nxe5 Bxe5 17. Bxe5 Qxe5 18. Bxb5 Rad8 19. Qe2 h5 20. f3 h4 21. Nh1 Nh5
22. Qf2 Qg5 23. Rfd1 Nf4 24. Kf1 Rd4 25. g3 hxg3 26. hxg3 Rfd8 27. Rxd4 cxd4
28. Bc4 Qh5 29. gxf4 Qxh1+ 30. Qg1 Qxf3+ 31. Ke1 Qxe4+ 32. Kd1 Qf3+ 33. Kc1
Qc3+ 0-1

[Event "2017 Oceania Zone 3.6 Zonal Championship"]
[Site "Auckland NZL"]
[Date "2017.01.15"]
[Round "2.6"]
[White "Kulashko, Alexei"]
[Black "Huang, Alex"]
[Result "1-0"]
[WhiteElo "2344"]
[BlackElo "1993"]
[PlyCount "55"]
[EventDate "2017.01.14"]

1. e4 e5 2. Nf3 Nc6 3. Nc3 Nf6 4. a3 d5 5. Bb5 Bg4 6. h3 Bxf3 7. Qxf3 d4 8. Ne2
a6 9. Bc4 h6 10. Ng3 g6 11. Qb3 Qd7 12. Qxb7 Ra7 13. Qb3 Bc5 14. Qf3 Qe7 15. d3
Nd7 16. Qg4 h5 17. Qg5 Qxg5 18. Bxg5 f6 19. Bd2 Nb6 20. Ba2 h4 21. Ne2 a5 22.
b4 Bd6 23. c3 dxc3 24. Bxc3 Na4 25. Bd2 Kd7 26. Bd5 Ne7 27. Be3 c5 28. Bb3 1-0

[Event "2017 Oceania Zone 3.6 Zonal Championship"]
[Site "Auckland NZL"]
[Date "2017.01.15"]
[Round "2.7"]
[White "Dale, Ari"]
[Black "Goodhue, Nathan"]
[Result "1-0"]
[WhiteElo "2333"]
[BlackElo "1966"]
[PlyCount "61"]
[EventDate "2017.01.14"]

1. d4 e6 2. c4 f5 3. g3 Nf6 4. Bg2 d5 5. Nh3 c6 6. O-O Be7 7. Nd2 O-O 8. Nf3
Ne4 9. Nf4 g5 10. Nd3 Nd7 11. Qc2 Qe8 12. Nfe5 Nxe5 13. Nxe5 Nd6 14. c5 Nf7 15.
b4 Nxe5 16. dxe5 Bd7 17. Be3 f4 18. Bd4 Qh5 {Draw offered by Black} 19. Rfb1
Rf7 20. a4 Raf8 21. b5 Rg7 22. a5 Rg6 23. a6 fxg3 24. hxg3 bxa6 25. b6 axb6 26.
cxb6 c5 27. Bxc5 Bxc5 28. Qxc5 Rc8 29. Qd6 Bc6 30. Qxc6 Rxc6 31. b7 1-0

[Event "2017 Oceania Zone 3.6 Zonal Championship"]
[Site "Auckland NZL"]
[Date "2017.01.15"]
[Round "2.8"]
[White "Willathgamuwa, Kevin"]
[Black "Dive, Russell J"]
[Result "1/2-1/2"]
[WhiteElo "1966"]
[BlackElo "2304"]
[PlyCount "72"]
[EventDate "2017.01.14"]

1. e4 c6 2. Nc3 d5 3. d4 dxe4 4. Nxe4 Bf5 5. Ng3 Bg6 6. h4 h6 7. Nf3 Nd7 8. h5
Bh7 9. Bd3 Bxd3 10. Qxd3 e6 11. Bd2 Ngf6 12. O-O-O Qc7 13. Ne4 O-O-O 14. c4 Kb8
15. g3 Nxe4 16. Qxe4 Nf6 17. Qe2 Ka8 18. Bc3 Bd6 19. Ne5 Bxe5 20. dxe5 Nd7 21.
Rd6 Nb6 22. Rhd1 Nc8 23. R6d3 Kb8 24. Qd2 Rxd3 25. Qxd3 Nb6 26. b3 Kc8 27. Qd6
Rd8 28. Qxc7+ Kxc7 29. Rxd8 Kxd8 30. Ba5 Ke7 31. Bxb6 axb6 32. Kd2 f6 33. f4
fxe5 34. fxe5 g6 35. g4 gxh5 36. gxh5 c5 1/2-1/2

[Event "2017 Oceania Zone 3.6 Zonal Championship"]
[Site "Auckland NZL"]
[Date "2017.01.15"]
[Round "2.9"]
[White "Gong, Patrick"]
[Black "Kumar, Manoj"]
[Result "1-0"]
[WhiteElo "2303"]
[BlackElo "1962"]
[PlyCount "87"]
[EventDate "2017.01.14"]

1. e4 e5 2. Nc3 Nf6 3. Bc4 Nc6 4. d3 Bc5 5. f4 d6 6. Nf3 a6 7. f5 Na5 8. Bb3
Nxb3 9. axb3 h6 10. Qe2 Bd7 11. g4 Bc6 12. Be3 Bxe3 13. Qxe3 Qe7 14. Rg1 Nh7
15. O-O-O Ng5 16. Nd2 f6 17. h4 Nf7 18. Nf3 b6 19. d4 O-O-O 20. d5 Bb7 21. Rd2
Rdg8 22. Rdg2 Qd8 23. Na2 g6 24. fxg6 Rxg6 25. h5 Rgg8 26. Nh4 Ng5 27. Rf1 Rh7
28. c4 Kb8 29. Nc3 Bc8 30. b4 Rhg7 31. Ng6 Rxg6 32. hxg6 Rxg6 33. c5 Rg8 34.
cxb6 cxb6 35. Na4 Kb7 36. Kb1 Bd7 37. Nc3 Rh8 38. Qf2 Rf8 39. Qh4 Rh8 40. Rgf2
Rf8 41. Qxh6 Bxg4 42. Rxf6 Rxf6 43. Rxf6 Nf3 44. Qg7+ 1-0

[Event "2017 Oceania Zone 3.6 Zonal Championship"]
[Site "Auckland NZL"]
[Date "2017.01.15"]
[Round "2.10"]
[White "Bennett, Hilton P"]
[Black "Ker, Anthony F"]
[Result "0-1"]
[WhiteElo "1955"]
[BlackElo "2300"]
[PlyCount "68"]
[EventDate "2017.01.14"]

1. e4 d6 2. Nc3 g6 3. f4 Bg7 4. Nf3 Nf6 5. Bc4 Nxe4 6. Nxe4 d5 7. Bxd5 Qxd5 8.
Nc3 Qe6+ 9. Qe2 Nc6 10. Nb5 Qd7 11. Ne5 Nxe5 12. fxe5 a6 13. Nc3 Qd4 14. d3 Bg4
15. Qe3 Bxe5 16. h3 Be6 17. O-O O-O-O 18. Kh1 Qxe3 19. Bxe3 b6 20. Rad1 Bg7 21.
d4 Rhf8 22. Ne4 Bf5 23. Ng5 h6 24. Nf3 Bxc2 25. Rc1 Be4 26. Ne5 f6 27. Nc6 Rd7
28. Rfe1 Kb7 29. Nb4 f5 30. Red1 Rfd8 31. Bf4 e5 32. Bg3 Rxd4 33. Rxd4 Rxd4 34.
a3 Rd2 0-1

[Event "2017 Oceania Zone 3.6 Zonal Championship"]
[Site "Auckland NZL"]
[Date "2017.01.15"]
[Round "2.11"]
[White "Fan, Allen Chi Zhou"]
[Black "Choong, Yita"]
[Result "0-1"]
[WhiteElo "1952"]
[BlackElo "2275"]
[PlyCount "76"]
[EventDate "2017.01.14"]

1. Nf3 Nf6 2. c4 c5 3. g3 b6 4. Bg2 Bb7 5. O-O e6 6. Nc3 Be7 7. Re1 d6 8. e4 a6
9. d4 cxd4 10. Nxd4 Qc7 11. Be3 Nbd7 12. f4 O-O 13. Rc1 Rfe8 14. g4 Nf8 15. b4
Rac8 16. g5 N6d7 17. Na4 Qb8 18. Qd3 Qa8 19. a3 Bd8 20. Nb3 Bc6 21. Nb2 Bc7 22.
Rc2 Ng6 23. Nd4 Bb7 24. Ne2 Nh4 25. Bh1 f5 26. Nc3 fxe4 27. Nxe4 d5 28. cxd5
exd5 29. Bf2 Ng6 30. f5 dxe4 31. Qxd7 Bxh2+ 32. Kxh2 Rxc2 33. Kg1 Ne5 34. Qd4
e3 35. Bxb7 exf2+ 36. Qxf2 Rxf2 37. Bxa8 Rxb2 38. Bc6 Nf3+ 0-1

[Event "2017 Oceania Zone 3.6 Zonal Championship"]
[Site "Auckland NZL"]
[Date "2017.01.15"]
[Round "2.12"]
[White "Ang, Alphaeus Wei Ern"]
[Black "Yu, Bobby"]
[Result "1-0"]
[WhiteElo "2271"]
[BlackElo "1955"]
[PlyCount "89"]
[EventDate "2017.01.14"]

1. d4 Nf6 2. c4 g6 3. Nc3 d5 4. Bg5 Ne4 5. Bf4 Nxc3 6. bxc3 Bg7 7. Nf3 c5 8.
cxd5 Qxd5 9. e3 cxd4 10. cxd4 Nc6 11. Be2 O-O 12. O-O Bf5 13. Qa4 Rac8 14. Rac1
Qd7 15. Bb5 Bg4 16. Ng5 h6 17. Ne4 Qf5 18. Nc5 Nxd4 19. f3 Bxf3 20. exd4 Qxf4
21. Kh1 Qxd4 22. Qxd4 Bxd4 23. Nb3 Rxc1 24. Rxc1 Bxg2+ 25. Kxg2 Bb6 26. Bd7 Rd8
27. Rc8 Kg7 28. Rxd8 Bxd8 29. a4 Kf6 30. Bc8 b6 31. Kf3 Ke5 32. Bd7 Kd6 33. Be8
f5 34. Bxg6 e6 35. Nd4 Kd5 36. Ke3 Bf6 37. Nb5 a5 38. Nc7+ Kd6 39. Ne8+ Ke7 40.
Nxf6 Kxf6 41. Be8 Ke5 42. Bb5 Kd5 43. Kf4 Kd6 44. Bc4 h5 45. h4 1-0

[Event "2017 Oceania Zone 3.6 Zonal Championship"]
[Site "Auckland NZL"]
[Date "2017.01.15"]
[Round "2.13"]
[White "Yee, Stanley"]
[Black "McLaren, Leonard J"]
[Result "0-1"]
[WhiteElo "1931"]
[BlackElo "2254"]
[PlyCount "102"]
[EventDate "2017.01.14"]

1. e4 c5 2. Nf3 d6 3. d4 cxd4 4. Nxd4 Nf6 5. Nc3 e6 6. Be3 a6 7. Be2 Be7 8. f4
Nc6 9. g4 h6 10. Qd2 Nxd4 11. Qxd4 e5 12. fxe5 dxe5 13. Qxd8+ Bxd8 14. Rg1 Be6
15. O-O-O Rc8 16. Bf3 Nd7 17. Nd5 Bg5 18. Rge1 f6 19. Kb1 Bxe3 20. Rxe3 Kf7 21.
h4 Rhd8 22. Red3 Nc5 23. R3d2 b5 24. Ne3 Ke7 25. Nd5+ Bxd5 26. Rxd5 Rxd5 27.
Rxd5 Ne6 28. c3 Nf4 29. Rd2 g6 30. Bd1 Rc4 31. Bf3 Ne6 32. Re2 b4 33. Re3 bxc3
34. bxc3 Nc5 35. Kc2 Kd6 36. Re1 Ra4 37. Kb1 Ke7 38. Re3 Ke6 39. Kb2 a5 40. Bg2
Rc4 41. Kc2 Ra4 42. Kb2 f5 43. gxf5+ gxf5 44. exf5+ Kxf5 45. h5 Rh4 46. Rf3+
Rf4 47. Rxf4+ Kxf4 48. Bf1 Ke3 49. Kc2 Kf2 50. Bb5 e4 51. Kd1 e3 0-1

[Event "2017 Oceania Zone 3.6 Zonal Championship"]
[Site "Auckland NZL"]
[Date "2017.01.15"]
[Round "2.14"]
[White "Smith, Robert W"]
[Black "Crossman, Tom"]
[Result "1-0"]
[WhiteElo "2238"]
[BlackElo "1945"]
[PlyCount "73"]
[EventDate "2017.01.14"]

1. e4 d5 2. exd5 Nf6 3. Bb5+ Nbd7 4. c4 a6 5. Bxd7+ Bxd7 6. d4 e6 7. dxe6 Bxe6
8. d5 Bg4 9. Nf3 Bb4+ 10. Nc3 Qe7+ 11. Be3 Bxc3+ 12. bxc3 Qe4 13. Qe2 O-O 14.
O-O b5 15. Rad1 Bxf3 16. gxf3 Qxc4 17. Qxc4 bxc4 18. Rd4 h6 19. Bf4 Rfd8 20.
Rfd1 Rd7 21. Be5 Rad8 22. Bxf6 gxf6 23. a4 Kf8 24. Kf1 Ke8 25. Ke2 Re7+ 26. Re4
f5 27. Rxe7+ Kxe7 28. Rd4 Kf6 29. f4 Re8+ 30. Kf3 Rd8 31. Rxc4 Rxd5 32. Rxc7
Ra5 33. Rc4 Kg6 34. Ke3 Kh5 35. f3 Kh4 36. Kd4 Kh3 37. Rb4 1-0

[Event "2017 Oceania Zone 3.6 Zonal Championship"]
[Site "Auckland NZL"]
[Date "2017.01.15"]
[Round "2.15"]
[White "Garbett, Paul A"]
[Black "Nicholls, Leighton"]
[Result "1-0"]
[WhiteElo "2229"]
[BlackElo "1929"]
[PlyCount "153"]
[EventDate "2017.01.14"]

1. e4 e5 2. Nf3 Nc6 3. Bb5 a6 4. Ba4 Nf6 5. O-O Be7 6. Re1 b5 7. Bb3 d6 8. c3
O-O 9. h3 Na5 10. Bc2 c5 11. d4 Qc7 12. Nbd2 Bd7 13. Nf1 Rfc8 14. dxe5 dxe5 15.
Nh4 Nb7 16. Qf3 c4 17. Nf5 Bf8 18. Nh6+ gxh6 19. Qxf6 Bg7 20. Qh4 Qd8 21. Qxd8+
Rxd8 22. Be3 Be6 23. Ng3 Kf8 24. Nf5 Bxf5 25. exf5 Rac8 26. Rad1 Ke7 27. Rxd8
Nxd8 28. f4 f6 29. fxe5 fxe5 30. f6+ Kxf6 31. Bxh7 Ne6 32. Be4 Rd8 33. h4 Ke7
34. g3 Nc7 35. Bb6 Rc8 36. Bb7 Rb8 37. Bc5+ Kf7 38. Bf3 Rd8 39. Bb6 Rd7 40.
Bh5+ Ke7 41. Bc5+ Kd8 42. Kf2 Ne6 43. Bb6+ Ke7 44. Ke2 Rd3 45. Kf2 Rd2+ 46. Re2
Rxe2+ 47. Bxe2 Kd6 48. Ke3 Kc6 49. Ba5 Nc5 50. Bf3+ Kd7 51. Bg4+ Kc6 52. Bc8 e4
53. Bf5 Be5 54. g4 Bf6 55. Bxe4+ Nxe4 56. Kxe4 Bxh4 57. b3 Be1 58. bxc4 bxc4
59. a4 Bf2 60. Bb4 Bc5 61. Bxc5 Kxc5 62. Kf5 Kb6 63. Kg6 Ka5 64. Kxh6 Kxa4 65.
g5 Kb3 66. g6 Kxc3 67. g7 Kb2 68. g8=Q c3 69. Qg7 a5 70. Qd4 a4 71. Qb4+ Kc2
72. Qxa4+ Kc1 73. Qf4+ Kb1 74. Qb4+ Kc2 75. Kg5 Kd3 76. Kf4 c2 77. Qe1 1-0

[Event "2017 Oceania Zone 3.6 Zonal Championship"]
[Site "Auckland NZL"]
[Date "2017.01.15"]
[Round "2.16"]
[White "Narenthran, Tharmaratnam"]
[Black "Chew Lee, Max"]
[Result "0-1"]
[WhiteElo "1909"]
[BlackElo "2204"]
[PlyCount "36"]
[EventDate "2017.01.14"]

1. e4 e6 2. d4 d5 3. Nd2 Be7 4. Ngf3 Nf6 5. e5 Nfd7 6. c3 c5 7. Bd3 Nc6 8. Bc2
a5 9. a4 b6 10. O-O g5 11. h3 h5 12. Nb3 Ba6 13. Re1 g4 14. hxg4 hxg4 15. Nh2
cxd4 16. Nxd4 Nxd4 17. Qxd4 g3 18. Ng4 Bc5 0-1

[Event "2017 Oceania Zone 3.6 Zonal Championship"]
[Site "Auckland NZL"]
[Date "2017.01.15"]
[Round "2.17"]
[White "Hu, Jason"]
[Black "Wang, Tony"]
[Result "1-0"]
[WhiteElo "2181"]
[BlackElo "1913"]
[PlyCount "71"]
[EventDate "2017.01.14"]

1. d4 Nf6 2. Nf3 e6 3. g3 b6 4. Bg2 Bb7 5. O-O d5 6. c4 Be7 7. Nc3 O-O 8. Qb3
dxc4 9. Qxc4 c5 10. Rd1 Nbd7 11. dxc5 Rc8 12. Qa4 Bxc5 13. Ne5 Bxg2 14. Kxg2
Rc7 15. Bf4 Qa8+ 16. f3 Nxe5 17. Bxe5 Rcc8 18. Bxf6 gxf6 19. Rd7 a5 20. Qg4+
Kh8 21. Qh5 Kg7 22. Ne4 Rcd8 23. Rad1 Rxd7 24. Rxd7 Be3 25. Qg4+ Bg5 26. Nxg5
fxg5 27. Qxg5+ Kh8 28. Qf6+ Kg8 29. Rd4 Rc8 30. Qe7 h5 31. Rf4 Qd5 32. Qxf7+
Kh8 33. Qf6+ Kh7 34. Qe7+ Kg8 35. Rf6 Qe5 36. Qf7+ 1-0

[Event "2017 Oceania Zone 3.6 Zonal Championship"]
[Site "Auckland NZL"]
[Date "2017.01.15"]
[Round "2.18"]
[White "Chan, Luis"]
[Black "Tsai, Charles"]
[Result "0-1"]
[WhiteElo "2135"]
[BlackElo "1908"]
[PlyCount "108"]
[EventDate "2017.01.14"]

1. e4 c5 2. Nf3 Nf6 3. Nc3 d5 4. Bb5+ Bd7 5. Qe2 dxe4 6. Nxe4 Nxe4 7. Bxd7+
Qxd7 8. Qxe4 Nc6 9. O-O e6 10. b3 O-O-O 11. Bb2 Qd5 12. Rfe1 h6 13. c4 Qxe4 14.
Rxe4 Rg8 15. d4 cxd4 16. Nxd4 Nxd4 17. Rxd4 Rxd4 18. Bxd4 a6 19. Rd1 Be7 20.
Bc3 g6 21. g4 h5 22. f3 Rd8 23. Rxd8+ Kxd8 24. gxh5 gxh5 25. Kg2 Kd7 26. Kg3
Bg5 27. f4 Be7 28. Kh3 Kc6 29. Be1 b5 30. cxb5+ axb5 31. Bh4 Bd6 32. Bg3 Be7
33. a4 bxa4 34. bxa4 Kb6 35. Be1 Ka6 36. Kg3 Bd8 37. h3 f5 38. Bc3 Be7 39. Kf3
Bd8 40. Ke3 Bb6+ 41. Kd3 Bc7 42. Be5 Bxe5 43. fxe5 Ka5 44. Ke3 Kxa4 45. Kf4 Kb4
46. Kg5 Kc5 47. Kxh5 Kd5 48. Kg5 Ke4 49. h4 f4 50. h5 f3 51. h6 f2 52. h7 f1=Q
53. h8=Q Qf4+ 54. Kg6 Qf5+ 0-1

[Event "2017 Oceania Zone 3.6 Zonal Championship"]
[Site "Auckland NZL"]
[Date "2017.01.15"]
[Round "2.19"]
[White "Louie, Jared"]
[Black "Wheeler, Bruce"]
[Result "0-1"]
[WhiteElo "1895"]
[BlackElo "2120"]
[PlyCount "148"]
[EventDate "2017.01.14"]

1. d4 d6 2. Nf3 Nd7 3. g3 g6 4. Bg2 Bg7 5. O-O Ngf6 6. Re1 O-O 7. e4 e5 8. dxe5
dxe5 9. Bg5 Qe7 10. Nc3 c6 11. a3 h6 12. Bxf6 Nxf6 13. Qe2 Bg4 14. h3 Bd7 15.
Rad1 Nh7 16. Qd2 Rfd8 17. Qd6 Qxd6 18. Rxd6 Be6 19. Red1 Rxd6 20. Rxd6 Kf8 21.
Ne1 Ke7 22. Rd1 Rf8 23. Nd3 Bc8 24. Kh2 Rd8 25. b4 Nf8 26. b5 Ne6 27. Bf1 Nd4
28. Nb4 Be6 29. Kg2 Ke8 30. bxc6 bxc6 31. Bd3 Bf8 32. Ra1 Bd6 33. Na6 Bc8 34.
Ra2 Rd7 35. Na4 Rb7 36. N6c5 Rb5 37. Bxb5 cxb5 38. c3 Nc6 39. g4 bxa4 40. Nxa4
Na5 41. Nb2 Be6 42. c4 Nxc4 43. Nxc4 Bxc4 44. Ra1 a5 45. a4 Bb4 46. f3 Ke7 47.
Kf2 Kd6 48. Ke3 Kc5 49. Rc1 Ba3 50. Rb1 Bb4 51. Rc1 Ba3 52. Rb1 Kc6 53. Kd2
Bb4+ 54. Ke3 Bc5+ 55. Kd2 Bd4 56. Rc1 Kc5 57. Rb1 h5 58. gxh5 gxh5 59. Rb7 Bf1
60. h4 Bc4 61. Ke1 Bc3+ 62. Kf2 Bb4 63. Ke3 Bb3 64. Rb5+ Kc4 65. Rxe5 Bxa4 66.
Rxh5 Bb5 67. Rh8 a4 68. Ra8 Kb3 69. h5 a3 70. h6 a2 71. e5 Bf8 72. Rxf8 a1=Q
73. h7 Qxe5+ 74. Kf2 Qc5+ 0-1

[Event "2017 Oceania Zone 3.6 Zonal Championship"]
[Site "Auckland NZL"]
[Date "2017.01.15"]
[Round "2.20"]
[White "Chan, Kris"]
[Black "Kempen, Leon"]
[Result "1-0"]
[WhiteElo "2120"]
[BlackElo "1887"]
[PlyCount "71"]
[EventDate "2017.01.14"]

1. d4 e6 2. e4 d5 3. Nc3 Nf6 4. e5 Nfd7 5. f4 c5 6. Nf3 Nc6 7. Be3 Be7 8. Qd2
b6 9. Bd3 Bb7 10. O-O a6 11. f5 cxd4 12. Nxd4 Nxd4 13. Bxd4 Qc7 14. fxe6 fxe6
15. Qe2 g6 16. Qg4 O-O-O 17. Kh1 Bc5 18. Ne2 Kb8 19. Nf4 Nxe5 20. Bxe5 Qxe5 21.
Nxe6 Bd6 22. Qh3 Rde8 23. Rae1 Qxb2 24. Rb1 Qe5 25. Rxb6 Rxe6 26. Bxa6 Ka7 27.
Rxb7+ Kxa6 28. Rb3 Qe2 29. Ra3+ Bxa3 30. Qxa3+ Kb6 31. Rb1+ Kc6 32. Qc3+ Qc4
33. Qxh8 Re2 34. Qc8+ Kd6 35. Rb6+ Ke5 36. Re6+ 1-0

[Event "2017 Oceania Zone 3.6 Zonal Championship"]
[Site "Auckland NZL"]
[Date "2017.01.15"]
[Round "2.21"]
[White "Lam, Ross"]
[Black "Zhang, Leo"]
[Result "1/2-1/2"]
[WhiteElo "1883"]
[BlackElo "2099"]
[PlyCount "133"]
[EventDate "2017.01.14"]

1. d4 Nf6 2. c4 g6 3. Nc3 d5 4. cxd5 Nxd5 5. e4 Nxc3 6. bxc3 Bg7 7. Be3 c5 8.
Rc1 Qa5 9. Qd2 Nc6 10. d5 Ne5 11. c4 Qxd2+ 12. Bxd2 O-O 13. f4 Ng4 14. h3 Nf6
15. Bd3 e5 16. Nf3 exf4 17. e5 Nd7 18. Bxf4 Re8 19. O-O Nxe5 20. Bxe5 Bxe5 21.
Rce1 f6 22. Re2 Bd7 23. Nxe5 Rxe5 24. Rxf6 Rxe2 25. Bxe2 Re8 26. Bd3 Re3 27.
Rd6 Ba4 28. Bf1 Kf7 29. Rd8 Re8 30. Rd6 Re1 31. Rd8 Ke7 32. Rh8 Kd6 33. Rxh7
Bd7 34. Kf2 Ra1 35. Rg7 Rxa2+ 36. Ke3 Ra3+ 37. Kf4 Bf5 38. Rxb7 Ra1 39. Be2 Ra2
40. Ke3 Ra3+ 41. Kf4 Ra2 42. Bg4 Rxg2 43. Bxf5 Rf2+ 44. Ke3 Rxf5 45. Rxa7 Rh5
46. Ra6+ Ke5 47. Rxg6 Rxh3+ 48. Kd2 Kd4 49. Rg4+ Ke5 50. Kc2 Kf5 51. Rg2 Ke5
52. Rd2 Kd6 53. Re2 Rh6 54. Kd3 Kd7 55. Re3 Ra6 56. Ke4 Ra4 57. Ke5 Rxc4 58.
Rh3 Rg4 59. Rh7+ Kd8 60. Kd6 Rg6+ 61. Kxc5 Rf6 62. Rg7 Rh6 63. Rb7 Rg6 64. d6
Rg1 65. Rb8+ Kd7 66. Rb7+ Kd8 67. Rb8+ 1/2-1/2

[Event "2017 Oceania Zone 3.6 Zonal Championship"]
[Site "Auckland NZL"]
[Date "2017.01.15"]
[Round "2.22"]
[White "Kethro, Michael"]
[Black "Russell, Paul"]
[Result "0-1"]
[WhiteElo "2091"]
[BlackElo "1882"]
[PlyCount "72"]
[EventDate "2017.01.14"]

1. Nf3 Nf6 2. c4 c5 3. d4 cxd4 4. Nxd4 Nc6 5. Nc3 g6 6. e4 Bg7 7. Nc2 d6 8. Be2
Be6 9. O-O Rc8 10. Rb1 Nd7 11. Nd5 Nc5 12. f3 O-O 13. Be3 f5 14. Nd4 fxe4 15.
fxe4 Bf7 16. Bg4 e6 17. Rxf7 Kxf7 18. Nf4 Nxd4 19. Bxd4 Bxd4+ 20. Qxd4 e5 21.
Qd5+ Kg7 22. Bxc8 Rxf4 23. Bh3 Qb6 24. g3 Rxe4 25. Kh1 Rd4 26. Qf3 Rxc4 27. Bg2
e4 28. Qf2 Nd3 29. Qe2 d5 30. Rf1 Qxb2 31. Qe3 Rc1 32. Qxa7 Rxf1+ 33. Bxf1 Qf2
34. Qxb7+ Kh6 35. Qb1 Ne1 36. Qb5 Nf3 0-1

[Event "2017 Oceania Zone 3.6 Zonal Championship"]
[Site "Auckland NZL"]
[Date "2017.01.15"]
[Round "2.23"]
[White "Chan, Anthony"]
[Black "Gong, Daniel Hanwen"]
[Result "1/2-1/2"]
[WhiteElo "1881"]
[BlackElo "2090"]
[PlyCount "72"]
[EventDate "2017.01.14"]

1. c4 Nf6 2. g3 g6 3. Bg2 Bg7 4. Nc3 O-O 5. e4 d6 6. Nge2 c5 7. O-O Nc6 8. d3
Ne8 9. Be3 Nc7 10. d4 cxd4 11. Nxd4 Ne5 12. b3 Ng4 13. Bc1 Ne6 14. Nde2 h5 15.
h3 Nh6 16. Be3 f5 17. Qd2 Kh7 18. Rad1 fxe4 19. Nxe4 Nf5 20. Ng5+ Nxg5 21. Bxg5
Rb8 22. c5 b6 23. cxd6 Qxd6 24. Qc1 Qb4 25. Bd2 Qc5 26. Qxc5 bxc5 27. Rc1 Nd4
28. Nxd4 Bxd4 29. Be3 Rd8 30. Rfe1 e6 31. Bf4 Rb4 32. Re2 Kg8 33. Bd2 Rb8 34.
Bf4 Rb4 35. Bd2 Rb8 36. Bf4 Rb4 1/2-1/2

[Event "2017 Oceania Zone 3.6 Zonal Championship"]
[Site "Auckland NZL"]
[Date "2017.01.15"]
[Round "2.24"]
[White "Soo-Burrowes, Eliot W"]
[Black "Lin, Kerry"]
[Result "1-0"]
[WhiteElo "2040"]
[BlackElo "1828"]
[PlyCount "85"]
[EventDate "2017.01.14"]

1. c4 c5 2. g3 g6 3. Bg2 Bg7 4. Nc3 d6 5. e3 Nc6 6. Nge2 Nf6 7. O-O O-O 8. d4
cxd4 9. Nxd4 Bd7 10. b3 a6 11. Bb2 e5 12. Nde2 Bf5 13. Ba3 Ne8 14. Ne4 Bxe4 15.
Bxe4 f5 16. Bd5+ Kh8 17. Bb2 Nf6 18. Bg2 Qe7 19. f3 Rfd8 20. Nc3 Qe6 21. Nd5
Qf7 22. Qd2 Ne7 23. Nb6 Rab8 24. e4 Qe6 25. Rad1 fxe4 26. fxe4 h5 27. Bc1 Ng4
28. Bh3 d5 29. Nxd5 Nxd5 30. exd5 Qb6+ 31. Kg2 Bh6 32. Qe2 Ne3+ 33. Bxe3 Bxe3
34. Rf3 Bd4 35. Rdf1 Rg8 36. Rf6 Qc5 37. Be6 Rg7 38. Qe4 Kh7 39. R1f5 Kh8 40.
Rxh5+ Rh7 41. Rxh7+ Kxh7 42. Qxg6+ Kh8 43. Qh6# 1-0

[Event "2017 Oceania Zone 3.6 Zonal Championship"]
[Site "Auckland NZL"]
[Date "2017.01.15"]
[Round "2.25"]
[White "Plaganyi, Gyula"]
[Black "Mallari, Donato"]
[Result "0-1"]
[WhiteElo "1790"]
[BlackElo "2036"]
[PlyCount "82"]
[EventDate "2017.01.14"]

1. e4 c5 2. Nf3 Nc6 3. d3 g6 4. g3 Bg7 5. Bg2 d6 6. O-O Nf6 7. c3 O-O 8. Re1 e5
9. Nbd2 b5 10. a4 b4 11. c4 Bg4 12. h3 Be6 13. Nf1 Qc8 14. Kh2 Nd4 15. b3 Ne8
16. Ne3 a6 17. Nd5 Ra7 18. Nxd4 Bxd5 19. exd5 cxd4 20. Ra2 Nf6 21. f4 Nd7 22.
fxe5 dxe5 23. Rf2 Nc5 24. h4 h6 25. Qc2 Qb8 26. Bf1 f5 27. Kg2 Raf7 28. Be2 e4
29. Bf4 Qd8 30. Bc1 g5 31. Bh5 Nxd3 32. Bxf7+ Rxf7 33. Rh1 f4 34. Rd2 Nc5 35.
Rf2 d3 36. Qd1 f3+ 37. Kh3 Bd4 38. Rhf1 Qd7+ 39. Kh2 Qg4 40. Bb2 Bxf2 41. Rxf2
e3 0-1